Statistics for Liechtenstein A-Z

Click here to take the quiz!

General Stats

  • This quiz has been taken 121 times
    (101 since last reset)
  • The average score is 14 of 25

Answer Stats

ClueAnswer% Correct
AMountain rangeAlps
98%
EContinent Liechtenstein is located inEurope
93%
FCurrencyFranc
91%
YColour of the crown on Liechtenstein's flagYellow
91%
NPosition during both World WarsNeutral
89%
RRiver which marks the border to SwitzerlandRhine
86%
CState religionCatholicism
85%
IBiggest Non-Christian religionIslam
84%
QLiechtenstein is the 3rd-richest nation. Which Asian nation is even richerQatar
84%
VCapitalVaduz
77%
OAustria is a neighboring nation. What's the name of Austria in German?Österreich
76%
ULiechtenstein is one of two doubly landlocked states. What's the other one?Uzbekistan
67%
ZCity in which the current ruler was bornZürich
66%
PLiechtenstein is led by ..... Hans-Adam IIPrince
64%
DThey own "Ginevra de' Benci", a painting by this painterLeonardo da Vinci
50%
SBiggest municipality by populationSchaan
39%
GHighest pointGrauspitz
18%
KFounder of the Liechtenstein familyKarl I
18%
JNational anthem: Oben am ...... Rheinjungen
17%
HFamous company which produces drillsHilti
15%
TBiggest municipality by areaTriesenberg
15%
BSwiss city near Liechtenstein with an important railway stationBuchs SG
11%
MThe country's only ski resortMalbun
11%
LLegislative branchLandtag
8%
WFamous ski racer who won bronze in PyeongChang 2018Tina Weirather
8%

Score Distribution

Percentile by Number Answered

Percent of People with Each Score

Your Score History

You have not taken this quiz since the last reset